Liedtext-Goofy und Max - Statistiken

Allgemein
  • Dieses Quiz wurde 24 mal gespielt
  • Das Durchschnittsergebnis liegt bei 48 aus 103
Antwortstatistiken
Answersind % Korrekt
Goofy
95%
Max
95%
und
95%
ein
91%
für
91%
ist
91%
jeder
91%
n
91%
Tag
91%
Freunde
86%
Klacks
86%
Bei
77%
klar
77%
(Klar)
77%
das
73%
die
73%
sind
73%
zwei
73%
mit
64%
(mit
64%
sie
59%
Uhhhh
59%
auf
50%
Auf
50%
ohne
50%
Vater
50%
Zu
50%
zu
50%
bereit
45%
dem
45%
Freundschaft
45%
hoch
41%
nicht
41%
Sohne
41%
spaß
41%
diese
36%
Diese
36%
gar
36%
größte
36%
wir
36%
(Yeah)
36%
zweit
36%
geht
32%
nur
32%
Siegespaar
32%
denn
23%
im
18%
einem
14%
Schandtat
9%
an
5%
euch
5%
gehen
5%
hip
5%
Adudap
0%
allemals
0%
Blut)
0%
dapduda
0%
daran
0%
dieses
0%
Gespann
0%
hiiiip
0%
rhythmus
0%
Schnallt
0%
unzertrennlich
0%
voran
0%
Keine übereinstimmenden Quizze gefunden
Verteilung der Resultate
Anzahl Personen mit jedem Resultat
Perzentil nach korrekt beantworteten Fragen
Ihre Resultats-Entwicklung
Sie haben dieses Quiz noch nicht gespielt